000 00245nam a22001217a 4500
999 _c533681
_d533681
020 _a0002320894
040 _cMSOHAIL
082 _a823.914
100 _aDavid Fraser
_927645
245 _aDragon's Teeth
300 _a347;p
942 _2ddc
_cBK